| 000 | 00497nam a22001817a 4500 | ||
|---|---|---|---|
| 003 | CEME | ||
| 005 | 20210628203139.0 | ||
| 008 | 210122b xxu||||| |||| 00| 0 eng d | ||
| 020 | _a0-471-34958-5 | ||
| 040 | _c. | ||
| 082 | _a519.3 VEN | ||
| 100 |
_aVenkataraman, P _935770 |
||
| 245 | _aApplied optimization with matlab programming | ||
| 260 |
_aNEW YORK _bJOHN WILEY _c2002 |
||
| 300 | _aXVII,398 P | ||
| 650 |
_aMATHEMATICAL OPTIMIZATION-DATA PROCESSING .MATLAB _963625 |
||
| 942 |
_cBK _2ddc |
||
| 999 |
_c572383 _d572383 |
||